25 Największych Miast Europy Środkowej na Mapie (Bez Niemiec) - Statystyki

Ogólne statystyki
  • Ten quiz został rozwiązany 28 razy
  • Średni wynik to 24 z 25
Odpowiedzi na mapie
Odpowiedzi zakodowano w zielono-czerwonej skali na mapie do tego quizu, zgodnie z poniższymi procentami.
 
Statystyki odpowiedzi
Państwo Miasto Populacja % Poprawnych
Polska Białystok 290k
100%
Słowacja Bratysława 480k
100%
Węgry Budapeszt 1,7 mln
100%
Polska Gdańsk 490k
100%
Polska Gdynia 240k
100%
Polska Katowice 280k
100%
Polska Kraków 810k
100%
Polska Łódź 650k
100%
Polska Poznań 540k
100%
Czechy Praga 1,4 mln
100%
Polska Szczecin 390k
100%
Polska Warszawa 1,8 mln
100%
Austria Wiedeń 2 mln
100%
Polska Wrocław 670k
100%
Czechy Brno 400k
95%
Polska Bydgoszcz 330k
95%
Polska Częstochowa 200k
95%
Słowenia Lublana 290k
95%
Polska Lublin 330k
95%
Szwajcaria Zurych 440k
91%
Szwajcaria Genewa 210k
86%
Austria Graz 310k
86%
Czechy Ostrawa 280k
86%
Słowacja Koszyce 220k
77%
Austria Linz 210k
73%
Nie znaleziono quizów pasujących do podanych kryteriów
Rozkład punktacji
Procent ludzi z każdym wynikiem
Percentyl według liczby udzielonych odpowiedzi
Twoja historia wyników
Nie rozwiązałeś tego quizu